| 000 | 00475nam a2200181Ia 4500 | ||
|---|---|---|---|
| 005 | 20250423101059.0 | ||
| 008 | 250422s9999 xx 000 0 und d | ||
| 020 | _a0-19-422993-9 | ||
| 050 | _aPZ 7 .H37 T38/ | ||
| 100 | _aHardy, Thomas, 1840-1928 | ||
| 245 | 0 | _aTales from longpuddle | |
| 260 | _aOxford | ||
| 260 | _bOxford University Press | ||
| 260 | _c2003 | ||
| 300 | _a56 p | ||
| 650 | _aEnglish language -- Study and teaching Readers -- Stage 2 | ||
| 942 | _cBK | ||
| 999 |
_c35223 _d35223 |
||